Loading...
| Science - Chemistry | 0 | 6 | 1 | 1 | 55 | 43 | 97.00 | 0 | 3 | 9.85 | 19.70 |
| Science - Biology | 0 | 5 | 0 | 1 | 50 | 64 | 101.60 | 0 | 4 | 7.05 | 25.76 |
| Science - Physics | 0 | 4 | 1 | 1 | 35 | 56 | 79.75 | 0 | 3 | 13.68 | 22.73 |
| Social Science | 0 | 3 | 0 | 0 | 30 | 70 | 90.00 | 2 | 2 | 7.62 | 19.70 |
| Fine Arts - Other | 0 | 3 | 1 | 1 | 25 | 106 | 120.67 | 0 | 0 | 3.24 | 6.06 |
| Science - Other | 0 | 3 | 2 | 2 | 20 | 87 | 112.33 | 0 | 0 | 1.99 | 7.58 |
| Pop Culture | 0 | 1 | 0 | 0 | 10 | 36 | 36.00 | 0 | 1 | 24.64 | 27.78 |
| Fine Arts - Classical Music | 0 | 1 | 0 | 0 | 10 | 113 | 113.00 | 0 | 1 | 1.37 | 4.55 |
| History - European | 0 | 1 | 0 | 1 | 10 | 130 | 130.00 | 0 | 0 | 0.00 | 1.52 |
| History - Other | 0 | 1 | 0 | 1 | 10 | 134 | 134.00 | 0 | 0 | 0.07 | 3.03 |
| Literature - American | 0 | 1 | 0 | 0 | 10 | 123 | 123.00 | 0 | 0 | 1.33 | 1.52 |
| Mythology | 0 | 1 | 0 | 0 | 10 | 105 | 105.00 | 0 | 0 | 1.33 | 3.03 |
| Philosophy | 0 | 1 | 0 | 0 | 10 | 107 | 107.00 | 0 | 0 | 1.12 | 3.03 |
| History - World | 0 | 1 | 1 | 0 | 5 | 25 | 25.00 | 1 | 1 | 7.23 | 9.09 |
| History - American | 0 | 1 | 1 | 1 | 5 | 123 | 123.00 | 0 | 0 | -0.07 | 1.52 |
| Geography | 0 | 0 | 0 | 0 | 0 | 0.00 | 0 | 0 | 0.00 | 0.00 | |
| Literature - British | 0 | 0 | 2 | 0 | -10 | 0.00 | 0 | 0 | 0.00 | 0.00 |